000 01455cam a2200421 a 4500
001 22813
003 SK-KTurca
005 20260428144146.0
008 240314s2010 xo o g 000 0 slo
015 _aSNBA2011/05-02540
020 _a9788055122700
_q(viaz.)
035 _a4133DB85-1A53-45F5-9115-61C84CD21D93
035 _aurn:nbn:sk:snk-amjx35
035 _aurn:nbn:sk:snk-am0083ub
040 _aSNK
_bslo
_cSNK
_eAACR2
041 1 _aslo
_hger
044 _axo
_cSK
072 7 _a74
_xKresba. Umelecké remesla
_2konspekt
080 _a745.9
_22001
080 _a688.78/.79
_22001
080 _a(035)
_22001
100 1 _aWagener, Klaus
_4aut
240 1 0 _aDekospass mit Blumen
_lSlovensky
245 1 0 _aKvetinové dekorácie
_btvorivé nápady pre šikovné ruky od Valentína až po Vianoce
_c[vedúci florista] Klaus Wagener ; [text Sabine Kelpová ; preklad z nemeckého originálu Zuzana Mrlianová ; fotografie Patrick Pantze]
260 _aBratislava
_bIkar
_c2010
300 _a175 s.
_bfareb. fotogr.
_c28 cm
650 0 7 _aaranžovanie kvetov
_2SNKPH
650 0 7 _adekorácie
_2SNKPH
650 0 7 _aFlower arrangement
_2SNKPHeng
650 0 7 _aDecorations
_2SNKPHeng
655 7 _apríručky
_2SNKPH
655 7 _aHandbooks, manuals, etc.
_2SNKPHeng
700 1 _aMrlianová, Zuzana
_4trl
700 1 _aPantze, Patrick
_4pht
700 1 _aKelp, Sabine
_4aut
942 _2ddc
_cOLDO
_n0
999 _c22813
_d22813